000
00296nam a22001337a 4500
008
210511b ||||| |||| 00| 0 eng d
041
_a
eng
080
_a
573
082
_a
573
100
_a
11
101
_a
BIO
245
_a
Introduction to Animal Physiology
_c
James Larimer
942
_2
udc
_c
BK
999
_c
57247
_d
57247